Čo nového v EUROLAB-e podrobná správa o priebehu a záveroch 4. sympózia EUROLAB-u

Bibliographic Details
Main Author: Varga, Miloslav (Author)
Format: Article
Language:Slovak
Subjects:

MARC

LEADER 00000nab a2200000 a 4500
001 vtls000687764
003 SK-MaSNL
005 20260304094613.0
008 250425c1998 xo 0 slo
015 |a SNBRB1999/03-07564 
035 |a CLN000039931 
035 |a urn:nbn:sk:snk-abiqx 
035 |a (urnnbn)urn:nbn:sk:snk:ar-a04vth 
035 |a (uuid)d306349d-ebf6-4521-a17c-e8ee037526a2 
040 |a SNKBUCL  |b slo  |c SNKBUCL  |e AACR2 
041 0 |a slo 
044 |a xo  |c SK 
080 |a 061.64(4):389:061.3  |2 1997 
080 |a 389  |2 1997 
100 1 |a Varga, Miloslav  |4 aut  |9 9504 
245 1 0 |a Čo nového v EUROLAB-e  |b podrobná správa o priebehu a záveroch 4. sympózia EUROLAB-u  |c Miloslav Varga 
610 7 |a EUROLAB  |x sympóziá  |y 1998  |2 snkbucl  |9 1391143 
655 7 |a články z novín a časopisov  |2 snkbucl  |9 267496 
773 0 |t Metrológia a skúšobníctvo  |g Roč. 3, č. 6 (1998), s. 19-23 
850 |a Slovenská národná knižnica 
852 |a Slovenská národná knižnica 
954 |a odborná, vedecká literatúra pôvodná (slovenská)  |2 lita 
958 |a article27 
958 |a OND 
958 |a EUIPO 
999 |c 2827970  |d 2829900